书目信息 |
| 题名: |
辽史
|
|
| 作者: | 脱脱 撰 | |
| 分册: | 第二册 | |
| 出版信息: | 北京 中华书局 1974.10 |
|
| 页数: | 361-683页 | |
| 开本: | 21cm | |
| 丛书名: | ||
| 单 册: | ||
| 中图分类: | K246.1 | |
| 科图分类: | ||
| 主题词: | 中国--历史 | |
| 电子资源: | ||
| ISBN: | ||
| 000 | 00530nam0 2200205 45 | |
| 001 | 0181010288 | |
| 005 | 20060812095132.71 | |
| 010 | @dCNY4.80 | |
| 091 | @a11018.627 | |
| 100 | @a20810111d km y0chiy0120 ea | |
| 101 | 0 | @achi |
| 105 | @ay z 000yy | |
| 200 | 1 | @a辽史@Aliao shi@h第二册@f(元)脱脱等撰@F(Yuan)Tuo Tuo Deng Zhuan |
| 210 | @a北京@c中华书局@d1974.10 | |
| 215 | @a361-683页@c表格@d21cm | |
| 606 | 0 | @a中国@x历史 |
| 690 | @aK246.1@v3 | |
| 701 | 0 | @a脱脱@4撰 |
| 801 | @aCN@bTSTC@c20060812 | |
| 905 | @dK246.1@e8:2 | |
| 辽史.第二册/(元)脱脱等撰.-北京:中华书局,1974.10 |
| 361-683页:表格;21cm |
| ISBN :CNY4.80 |
| ● |
| 相关链接 |
|
|
|
|
正题名:辽史
索取号:K246.1/8:2
 
预约/预借
| 序号 | 登录号 | 条形码 | 馆藏地/架位号 | 状态 | 备注 |
| 1 | 0455855 | 204558558 | 密集书库/ [索取号:K246.1/8:2] | 在馆 |